Microsoft Office Word 2007 : (Record no. 300927)
[ view plain ]
| 000 -LEADER | |
|---|---|
| fixed length control field | 00610nam a2200241Ia 4500 |
| 008 - FIXED-LENGTH DATA ELEMENTS--GENERAL INFORMATION | |
| fixed length control field | 160901s9999 xx 000 0 und d |
| 020 ## - INTERNATIONAL STANDARD BOOK NUMBER | |
| International Standard Book Number | 978-0-7356-2302-6 |
| 050 ## - LIBRARY OF CONGRESS CALL NUMBER | |
| Classification number | ComSc Z 52.5 |
| 050 ## - LIBRARY OF CONGRESS CALL NUMBER | |
| Item number | .M523C69 2007 |
| 100 ## - MAIN ENTRY--PERSONAL NAME | |
| Personal name | Cox, Joyce. |
| 245 ## - TITLE STATEMENT | |
| Title | Microsoft Office Word 2007 : |
| 245 ## - TITLE STATEMENT | |
| Remainder of title | step by step / |
| 245 ## - TITLE STATEMENT | |
| Statement of responsibility, etc | Joyce Cox, Joan Preppernau. |
| 260 ## - PUBLICATION, DISTRIBUTION, ETC. (IMPRINT) | |
| Place of publication, distribution, etc | Washington : |
| 260 ## - PUBLICATION, DISTRIBUTION, ETC. (IMPRINT) | |
| Name of publisher, distributor, etc | Microsoft Press, |
| 260 ## - PUBLICATION, DISTRIBUTION, ETC. (IMPRINT) | |
| Date of publication, distribution, etc | 2007 |
| 300 ## - PHYSICAL DESCRIPTION | |
| Extent | 381 pages : |
| 300 ## - PHYSICAL DESCRIPTION | |
| Other physical details | col. ill. ; |
| 300 ## - PHYSICAL DESCRIPTION | |
| Dimensions | 23 cm. |
| 500 ## - GENERAL NOTE | |
| General note | Includes index. |
| 650 ## - SUBJECT ADDED ENTRY--TOPICAL TERM | |
| Topical term or geographic name as entry element | Microsoft Word. |
| 650 ## - SUBJECT ADDED ENTRY--TOPICAL TERM | |
| General subdivision | Word processing. |
| Withdrawn status | Lost status | Damaged status | Home library | Current library | Shelving location | Date acquired | Cost, normal purchase price | Total Checkouts | Full call number | Barcode | Date last seen | Price effective from | Koha item type |
|---|---|---|---|---|---|---|---|---|---|---|---|---|---|
| South Mansfield College | South Mansfield College | 11/12/2009 | 0.00 | ComSc Z 52.5 .M523C69 2007 | SMC05199 | 09/01/2016 | 09/01/2016 |